000 00814cam a22002413a 4500
001 31875
003 PGUSA
005 20140828083705.0
008 100403s2010||||xxu|||||s|||||000 | eng d
040 _aPGUSA
_beng
042 _adc
050 4 _aBL
100 1 _aJevons, F. B.
_q(Frank Byron),
_d1858-1936
245 1 3 _aAn Introduction to the Study of Comparative Religion
_h[electronic resource] /
_cF. B. Jevons
260 _bProject Gutenberg,
_c2010
505 0 _aIntroduction -- Immortality -- Magic -- Fetichism -- Prayer -- Sacrifice -- Morality -- Christianity -- Appendix -- Bibliography -- Index.
506 _aPublic domain in the USA.
516 _aElectronic text
653 _aReligion
830 0 _aProject Gutenberg
_v31875
856 4 0 _uhttp://www.gutenberg.org/ebooks/31875
942 _cEB
999 _c261130
_d261130